000 00876cab a2200241 4500
001 X2029
008 090401t1995 xxu||||| |||| 00| 0 eng d
035 _a(Sirsi) u21293
041 _aeng
245 _aCredit Agricole Personal Finance v Murray
260 _c1995
350 _a0
490 _aNew Property Cases
_v1995 NPC 33
490 _aEstates Gazette
_v1995 EGCS 32
520 _aQBD 20 February 1995. A valuer is held not be negligent on a valuation of an unusual property the value of hwich had collapsed in the recession. Contributory negligence by the lender also considered. NB NO PHOTOCOPYING ALLOWED.
650 _aCONTRIBUTORY NEGLIGENCE
650 _aMORTGAGE VALUATION
650 _aPROFESSIONAL NEGLIGENCE
650 _aUNUSUAL PROPERTIES
690 _aMANAGEMENT-BUSINESS MANAGEMENT-PROFESSIONAL PRACTICE
942 _n0
948 _c04/03/1997
999 _c14296
_d14296